100 Girlfriends First and Last Names - Statistics

General Stats
  • This quiz has been taken 220 times
  • The average score is 53 of 75
Answer Stats
Name % Correct
Hakari
98%
Karane
98%
Hahari
97%
Nano
97%
Meme
96%
Shizuka
96%
Kusuri
95%
Mei
94%
Mimimi
94%
Kurumi
93%
Hanazono
92%
Hanazono
92%
Iku
91%
Yaku
91%
Mai
90%
Chiyo
88%
Eiai
88%
Inda
87%
Kishika
86%
Yamame
86%
Yakuzen
85%
Yakuzen
85%
Nadeshiko
84%
Momoha
83%
Yoshimoto
83%
Momi
82%
Momiji
82%
Meido
81%
Meido
81%
Naddy
81%
Uto
80%
Ahko
78%
Eira
76%
Rin
76%
Tama
76%
Nemu
75%
Suu
75%
Yamato
75%
Sutou
70%
Eru
69%
Matsuri
69%
Iin
68%
Meru
67%
Baio
66%
Saki
65%
Aashii
64%
Chiyu
64%
Haraga
64%
Hasu
63%
Himeka
63%
Kimari
63%
Kedarui
61%
Usami
61%
Hasuha
60%
Kakure
60%
Kogoe
59%
Torotoro
58%
Bonnouji
57%
Hifumi
54%
Jiai
53%
Kiki
52%
Nemui
51%
Kaho
50%
Utsukushisugi
50%
Zetsubouda
48%
Shiina
46%
Morikita
45%
Nakaji
45%
Nekonari
45%
Dei
44%
Futate
40%
Yasashiki
40%
Saiki
39%
Mishiro
31%
Tomogara
28%
No matching quizzes found
Score Distribution
Percent of People with Each Score
Percentile by Number Answered
Your Score History
You have not taken this quiz